| 000 | 01082naa a22002897a 4500 | ||
|---|---|---|---|
| 001 | BR6004844 | ||
| 003 | BR-BrBNA | ||
| 005 | 20240918172900.0 | ||
| 007 | ta | ||
| 008 | 230509b bl.||||| |||| 00| 0 por d | ||
| 040 |
_aBR-BrBNA _bpor _cBiblioteca Nacional de Agricultura |
||
| 041 | _a(Pt) | ||
| 072 |
_aL10 _b6100 |
||
| 090 | _aL10 BR6004844 | ||
| 100 | 1 | _aCampos, E.J. | |
| 100 | 1 | _aGrandsire, C. | |
| 111 | 1 |
_a4. Congresso Brasileiro de Avicultura _cPorto Alegre, RS (Brazil) _d14 Sep 1975 |
|
| 245 | 1 | _aEfeitos do tipo de acasalamento e do nivel de energia sobre a criacao de frangos de corte criados com separacao de sexo | |
| 260 | 3 |
_aPorto Alegre, RS (Brasil): _c1975. |
|
| 500 | _aAnais do 4. Congresso Brasileiro de Avicultura Porto Alegre, RS (Brasil): 1975. p. 115-121 (BR6004844-AM)L10 | ||
| 650 | _aGALINHA | ||
| 650 | _aACASALAMENTO | ||
| 650 | _aFRANGO DE CORTE | ||
| 773 | 0 |
_tAnais do 4. Congresso Brasileiro de Avicultura _wL10 BR6004844 _gPorto Alegre, RS (Brasil), 1975. p. 115-121 |
|
| 909 |
_a202404 _bLucia _c55 _dLucia Elande |
||
| 942 |
_cAM _2AGRIS |
||
| 999 |
_c301891 _d301891 |
||